000 00526nam a2200205Ia 4500
005 20250923150434.0
008 008 250917s9999 xx 000 0 eng d
037 _aTextual
040 _aDSWL
_beng
_cDSWL
041 _aeng
_2eng
084 _qDSWL
100 _aRanganathan, N
_9845964
245 0 _aUnderstanding childhood and adolescence
_cby N Ranganathan
260 _aNew Delhi
_b Sage Pub.
_c2020
300 _a405 p.
365 _aINR
_b695
925 _g695
942 _cTEXL
999 _c1463453
_d1463453